000 00697nam a2200253Ia 4500
005 20250425162455.0
008 250425s9999 xx 000 0 und d
020 _a8420009172
041 _aspa
082 _a641.3
100 _aMAZZA, G.
245 0 _aALIMENTOS FUNCIONALES : ASPECTOS BIOQUÍMICOS Y DE PROCESADO
250 _a1A ED.
260 _aEspaña
_bACRIBIA
_c2000
260 _aZARAGOZA
300 _a457
500 _aTítulo Traducido: FUNCTIONAL FOODS : BIOCHEMICAL & PROCESSING ASPECTS
650 _aALIMENTOS FUNCIONALES
650 _aNUTRICION HUMANA
650 _aPRODUCTOS FUNCIONALES
650 _aPROPIEDADES ALIMENTARIAS
942 _c01
010 _a76538
999 _c229984
_d229984